000 00352nam a2200133Ia 4500
005 20260326100043.0
008 260326s9999||||xx |||||||||||||| ||und||
100 _aWiseman, Carter
245 0 _aI.M. Pei :
_b A profile in American Architecture /
_cCarter Wiseman
260 _bHarry N. Abrams
300 _a340 p.
650 _aARQUITECTOS
942 _cBK
999 _c7077
_d7077